00469nam a2200169 a 45000010014000000030012000140050017000260080041000430200018000840820017001021000036001192450049001552600031002043000014002356500016002490400034002651770813380217YourLibrary20260211180753.0260211s2002##################000#0#eng## a978033379418004a306.709bHAA1 aHaavio-Mannila, Elina,eauthor.10aSexual Lifestyles in the Twentieth Century : bPalgrave Macmillan,c2002. a242 pages 0aPsychology. aYourLibrarybengcYourLibrary